| 000 | 00816nam a2200217 a 4500 | ||
|---|---|---|---|
| 001 | 15308 | ||
| 003 | CO-ViMGA | ||
| 008 | 141112s2004 ck r 000 u spa d | ||
| 020 | _a9684268548 | ||
| 040 |
_aCO-ViMGA _bspa _cCO-ViMGA |
||
| 082 | 0 | 4 | _a612 G156f |
| 100 | 1 |
_aGanong, William F. _922245 |
|
| 245 | 1 | 0 | _aFisiología Medica |
| 250 | _a17 | ||
| 260 |
_aMexico, _cManual Moderno, _c2000 |
||
| 300 | _a906.p.il. | ||
| 505 | _aFisiología de las celulas nerviosas y musculares Funciones del sistema nervioso Endocrinología, metabolismo y función reproductora Función gastroinestinal Circulación Respiración Formación y excreción de la orina | ||
| 590 |
_aForma de adquisición : proyecto 2005 - - Precio : _144.500 - - Ejemplares : 2, 18 ed. |
||
| 650 | 1 | 4 |
_aFISIOLOGIA HUMANA _922246 |
| 942 |
_2ddc _cBK |
||
| 999 |
_c25668 _d25668 |
||